Statistics for Larger U.S.A. State

Click here to take the quiz!

General Stats

  • This quiz has been taken 7 times
  • The average score is 15 of 20

Answer Stats

Pair Of U.S.A. States Larger State % Correct
California : MontanaCalifornia
100%
Montana : New MexicoMontana
100%
North Dakota : South DakotaSouth Dakota
83%
Texas : NevadaTexas
83%
Utah : ColoradoColorado
83%
Alaska : TexasAlaska
83%
Georgia : AlabamaGeorgia
83%
New York : PennsylvaniaNew York
83%
Louisiana : MississippiLouisiana
67%
Florida : WisconsinFlorida
67%
Mississippi : MissouriMissouri
67%
Nebraska : WashingtonNebraska
67%
Florida : GeorgiaFlorida
67%
Virginia : IdahoIdaho
67%
Ohio : MissouriMissouri
67%
North Carolina : North DakotaNorth Dakota
67%
Hawaii : ConnecticutHawaii
67%
Maine : South CarolinaMaine
67%
Illinois : IowaIllinois
67%
Minnesota : OregonOregon
67%

Score Distribution

Percentile by Number Answered

Percent of People with Each Score

Your Score History

You have not taken this quiz